000 01942nam a2200229Ia 4500
003 Ost
005 20260507075328.0
008 260507s9999||||xx |||||||||||||| ||und||
020 _a80371999579
040 _cfsecg
041 _aara
082 _a330
100 _aالقاسم، صبحي
_eمؤلف
245 0 _aواقع الأمن الغذائي العربي ومستقبله /
_c صبحي القاسم
260 _aبيروت:
_bمؤسسة عبد الحميد شومان,
_c2010
300 _a281 صفحة؛
_bإيضاحات ؛
_c24 سم
520 _aمؤشرات الأمن الغذائي العربي ، قضايا عدد السكان و تأثيره على الأمن الغذائي ، جداول السكان ، القوى العاملى في الزراعة ، مصادر المعلومات المنشورة عن الميله في الدول العربية ، البحث العلمي ة التطور الزراعي في الدول العربية ، حدول مؤشرات الانفاق على البحث العلمي و التطوير ، واقع زراعة المحاصيل الزراعية : المساحة و الانتاج و الانتاجية في الحاضر و المستقبل ، انتاج اللحوم و الاسماك و الحليب ، الانتاج و صافي الواردات للموارد الغذائية الرئيسة كمجموعة الدول العربية : حاضرها و مستقبلها ، جداول انتاج المحاصيل لاهم دول العالم وتطور الأمن الغذائي على المستوى الوطني للدول العربية ، جداول معدل كمية الانتاج و كمية قيمة صافي الواردات و الكمية المتاحة للاستهلاك لكل دولة علة حدى
653 _aالأمن الغذائي
653 _aالأمن الغذائي- البلدان العربية
653 _aالزراعة
942 _cكتاب
999 _c43984
_d43984